000 00308 a2200133 4500
001 153965
040 _cEscola São Tomás de Aquino
100 _aVIANA, Vivina de Assis
240 1 0 _aMeu dente caiu!
_lpor
245 1 0 _aMeu dente caiu!
362 0 _a1990
697 _a*LITERATURA INFANTIL
942 _cBK
999 _c153965
_d153965